Представление документа в формате RUSMARC

Поле Инд. ПП Название Значение
Тип записи a
Библиографический уровень a
001 Контрольный номер 6b900bc4eacc41e6b0f87a0a5e9c987a
005 Дата корректировки 20190409135815.3
100 a Данные общей обработки 20190404 ||| 0rusy0189 ca
101 0_ a Язык текста rus
102 a Страна публикации RU
200 1_ f Первые сведения об ответственности Ю.Г. Носков
a Заглавие К вопросу о содержании понятия "судебная система"
b Общее обозначение материала Текст
210 1_ d Дата издания 2019
461 _0 1 2000
a Российский судья
463 _0 1 2000
a № 3
v С. 34-38
1 2101
d 2019
1 0016ef1df81024542f28a32ed8f6634f1fa
606 a Основная рубрика Правоохранительные и судебные органы
610 0_ a Ключевые слова РГУП
a Ключевые слова СУДЕБНАЯ СИСТЕМА
a Ключевые слова СУДЕБНАЯ ВЛАСТЬ
700 _1 a Фамилия Носков
b Имя Ю.Г.
801 _0 a Страна RU
b Организация РГУП
c Дата составления 20190404
g Правила каталогизации PSBO
801 _1 a Страна RU
b Организация РГУП
c Дата составления 20190404
g Правила каталогизации PSBO
901 t Тип документа b
w Контрольный № источника 6ef1df81024542f28a32ed8f6634f1fa
905 a Дата ввода 20190404